000 00294nam a22001337a 4500
008 170908b xxu||||| |||| 00| 0 eng d
020 _a9781566923163
041 _aeng
080 _28 ED
_a91
100 _a42
101 _aGEO
245 _aSTATE RANKINGS 1997
_cLEARY.K
942 _2udc
_cBK
999 _c26708
_d26708